Chinese Culture (Record no. 1407)

MARC details
000 -LEADER
fixed length control field 00295nam a22001217a 4500
008 - FIXED-LENGTH DATA ELEMENTS--GENERAL INFORMATION
fixed length control field 230619b xxu||||| |||| 00| 0 eng d
020 ## - INTERNATIONAL STANDARD BOOK NUMBER
International Standard Book Number 7119036157
082 ## - DEWEY DECIMAL CLASSIFICATION NUMBER
Classification number 306.8
Item number DON 2004
245 ## - TITLE STATEMENT
Title Chinese Culture
260 ## - PUBLICATION, DISTRIBUTION, ETC. (IMPRINT)
Place of publication, distribution, etc. China
Name of publisher, distributor, etc. Foreign Languages Press
Date of publication, distribution, etc. 2004
300 ## - PHYSICAL DESCRIPTION
Extent 107p
942 ## - ADDED ENTRY ELEMENTS (KOHA)
Source of classification or shelving scheme Dewey Decimal Classification
Koha item type Books
Holdings
Withdrawn status Lost status Source of classification or shelving scheme Damaged status Not for loan Home library Current library Date acquired Total Checkouts Full call number Barcode Date last seen Price effective from Koha item type
    Dewey Decimal Classification     County Hall Archives County Hall Archives 06/19/2023   306.8 DON 2004 10011128 06/19/2023 06/19/2023 Books
    Dewey Decimal Classification     County Hall Archives County Hall Archives 06/19/2023   306.8 DON 2004 10011127 06/19/2023 06/19/2023 Books
LIBRARY OPENING HOURS

When the Parliament is sitting: 8.00a.m - 7.00p.m or until the house adjourns
Mondays and Fridays and when the House is on Recess:  8.00a.m - 5.00p.m
Closed on Weekends and Public Holidays

Online Public Access Catalog (OPAC)
Website: http://www.parliament.go.ke
Bunge Library: https://libraryir.parliament.go.ke
Contact: library@parliament.go.ke | Tel no: (254-2)2221291 or 2848000 Ext 5043